Vývoj algoritmov pre samoriadiace auto na platforme RPi4

Enregistré dans:
Détails bibliographiques
Auteur principal: Židuliak, Jozef (Auteur)
Autres auteurs: Czanner, Silvester (Directeur de thèse)
Format: Manuscrit Livre
Langue:slovaque
Publié: 2025
Sujets:
Accès en ligne:http://is.stuba.sk/zp/portal_zp.pl?podrobnosti=175397
Tags: Ajouter un tag
Pas de tags, Soyez le premier à ajouter un tag!

MARC

LEADER 00000ntm a22000003a 4500
001 stuzp102851
003 SK-STU
005 20250614211601.1
007 ta
008 150427s2015----xo-----f-mn---000-0-slo-d
040 |a STU  |b slo 
041 0 |a slo 
100 1 |a Židuliak, Jozef  |u 070200  |4 aut  |U FIIT Fakulta informatiky a informačných technológií  |T FIIT Ústav informatiky, informačných systémov a softvérového inžinierstva  |X 120915  |U I200  |Y 179  |7 120915 
242 0 1 |a Development of Algorithms for a Self-Driving Car on the RPi4 Platform  |y eng 
245 1 0 |a Vývoj algoritmov pre samoriadiace auto na platforme RPi4 
260 |c 2025 
650 4 |a Raspberry Pi  |2 eng 
650 4 |a Self-driving car  |2 eng 
650 4 |a Convolutional Neural Networks  |2 eng 
650 4 |a Raspberry Pi  |2 slo 
650 4 |a Konvolučné neurónové siete  |2 slo 
650 4 |a Autonómne vozidlo  |2 slo 
700 1 |a Czanner, Silvester  |u 070200  |k Z1  |4 ths  |U FIIT Fakulta informatiky a informačných technológií  |T FIIT Ústav informatiky, informačných systémov a softvérového inžinierstva  |X 114747  |U I200  |Y 179  |7 114747 
856 4 |u http://is.stuba.sk/zp/portal_zp.pl?podrobnosti=175397